000 nam a22 a 4500
999 _c2502
_d2502
003 AKMAL
005 20170517083055.0
008 170517s1995 my 10 eng d
020 _a9679787435 (v. 1 : pbk.):
_cRM8.00
040 _aAKMAL
082 0 4 _a607 MAH
_221
090 0 0 _a607
_bMAH
100 0 _aMahathir Mohamad,
_cTun,
_d1925-
_941
245 1 0 _aScience, technology and creativity /
_cselected speeches by Dr. Mahathir Mohamad, Prime Minister of Malaysia ; edited by Hashim Makaruddin
260 _aSubang Jaya :
_bPelanduk Publications,
_c1995
300 0 0 _av. (various pagings) ;
_d22cm m
_ccm
650 0 _aSpeeches, addresses, etc.
_954
650 0 _aScience
_xAddresses, essays, lectures
_9218
650 0 _aTechnology
_xAddresses, essays, lectures
_9219
650 0 _aTechnological innovations
_xAddresses, essays, lectures
_9220
650 0 _aTechnology transfer
_xAddresses, essays, lectures
_9221
700 0 _aHashim Makaruddin
_958
942 _2ddc
_cBOOK